Visualizzazione normale
Vista MARC
- Bunuel Luis
di Personal Name
Records bibliografici associati: 36
001 - CONTROL NUMBER
- control field: 36748
003 - CONTROL NUMBER IDENTIFIER
- control field: IT-RoPau
005 - DATE AND TIME OF LATEST TRANSACTION
- control field: 20151125151414.0
008 - FIXED-LENGTH DATA ELEMENTS
- fixed length control field: 151125|| aca||aabn | a|a d
040 ## - CATALOGING SOURCE
- Original cataloging agency: IT-RoPau
- Transcribing agency: IT-RoPau
100 ## - HEADING--PERSONAL NAME
- Personal name: Bunuel Luis
- Miscellaneous information: Codice regista SPICS: 8694
670 ## - SOURCE DATA FOUND
- Source citation: Work cat.: (IT-RoPau)104623: Bunuel Luis Codice regista SPICS: 8694, NAZARIN NAZARIN (Rif. Codice opera principale : H4781)